Profession manager commercial motiver, coacher et piloter une équipe de vente
Na minha lista:
| Autor principal: | |
|---|---|
| Outros Autores: | |
| Formato: | Livro |
| Idioma: | francês |
| Publicado em: |
Paris
Dunod
2017
|
| Edição: | 2e éd. |
| Colecção: | Commercial/Relation client
|
| Assuntos: | |
| Tags: |
Sem tags, seja o primeiro a adicionar uma tag!
|
MARC
| LEADER | 00000nam a2200000 4500 | ||
|---|---|---|---|
| 001 | 0235031 | ||
| 005 | 20240221114326.7 | ||
| 020 | |a 978-2-10-075890-6 | ||
| 041 | 0 | |a fre | |
| 044 | |a FR | ||
| 245 | 1 | 0 | |a Profession manager commercial |b motiver, coacher et piloter une équipe de vente |c Alain Fossier, Odile Letrillart-Bénard |
| 250 | |a 2e éd. | ||
| 264 | 1 | |a Paris |b Dunod |c 2017 | |
| 300 | |a xvi, 287 s. | ||
| 490 | 1 | |a Commercial/Relation client | |
| 830 | 0 | |a Commercial/Relation client | |
| 610 | 2 | 0 | |a predaj |
| 610 | 2 | 0 | |a riadenie predaja |
| 610 | 2 | 0 | |a predajcovia |
| 610 | 2 | 0 | |a nástroje riadenia |
| 100 | 1 | |a Fossier, Alain | |
| 700 | 1 | |a Letrillart-Bénard, Odile | |